Central Library OPAC University of Rajshahi

The Norton anthology of poetry / (Record no. 19165)

MARC details
000 -LEADER
fixed length control field 00837nam a2200277 a 4500
001 - CONTROL NUMBER
control field 19165
003 - CONTROL NUMBER IDENTIFIER
rucl marc code BD-RjUL
005 - DATE AND TIME OF LATEST TRANSACTION
control field 20211209000407.0
008 - FIXED-LENGTH DATA ELEMENTS--GENERAL INFORMATION
fixed length control field 140223s1983 nyu b 001 1 eng
020 ## - INTERNATIONAL STANDARD BOOK NUMBER
International Standard Book Number 0393952428
035 ## - SYSTEM CONTROL NUMBER
System control number (BD-RjUL)19223
040 ## - CATALOGING SOURCE
Modifying agency BD-RjUL
Original cataloging agency CStRLIN
Language of cataloging eng
Transcribing agency CStRLIN
041 ## - LANGUAGE CODE
Language code of text/sound track or separate title eng
082 0# - DEWEY DECIMAL CLASSIFICATION NUMBER
Classification number 821.008
Edition number 19
Author mark and year ALN 1983
100 1# - MAIN ENTRY--PERSONAL NAME
Personal name Allison, Alexander W.
9 (RLIN) 58967
245 14 - TITLE STATEMENT
Title The Norton anthology of poetry /
Statement of responsibility, etc. Alexander W. Allison ... [et al.] ; with an essay on ver[s]ification by Jon Stallworthy.
250 ## - EDITION STATEMENT
Edition statement 3rd ed.
260 ## - PUBLICATION, DISTRIBUTION, ETC. (IMPRINT)
Place of publication, distribution, etc. New York :
Name of publisher, distributor, etc. Norton,
Date of publication, distribution, etc. c1983.
300 ## - PHYSICAL DESCRIPTION
Pagination liii, 1452 p. ;
Size 24 cm.
504 ## - BIBLIOGRAPHY, ETC. NOTE
Bibliography, etc Bibliography: p. 1422.
Bibliography, etc Includes indexes.
650 #0 - SUBJECT ADDED ENTRY--TOPICAL TERM
Topical term or geographic name as entry element English poetry.
9 (RLIN) 58968
Topical term or geographic name as entry element American poetry.
9 (RLIN) 58969
942 ## - ADDED ENTRY ELEMENTS (KOHA)
Source of classification or shelving scheme Dewey Decimal Classification
Koha item type Books
Holdings
Lost status Source of classification or shelving scheme Damaged status Not for loan Collection code Permanent Location Current Location Shelving location Date acquired Source of acquisition Cost, normal purchase price Total Checkouts Full call number Date last seen Copy number Koha item type
  Dewey Decimal Classification     Fiction Central Library, University of Rajshahi Central Library, University of Rajshahi   11/02/1998 Aligorh Library, Rajshahi. 22.00   821.008 ALN 1983 23/02/2014 C-2 Books
  Dewey Decimal Classification   Not For Loan Fiction Central Library, University of Rajshahi Central Library, University of Rajshahi Reading Room   Aligorh Library, Rajshahi. 1000.00   821.008 ALN 1983 14/03/2017 C-1 Books